| 000 | 00489nam a2200157 a 4500 | ||
|---|---|---|---|
| 001 | 000035337 | ||
| 005 | 20200930074253.0 | ||
| 008 | 111027s1956 nyuac 000 0 spa d | ||
| 040 |
_aDO-SdBNP _bspa _cBNPHU |
||
| 082 |
_axxx _bM259 |
||
| 100 | 1 |
_aMalraux, André _961120 |
|
| 245 | 1 | 0 |
_aThe voices of silence / _cAndré Malraux ; translated Stuart Gilbert. |
| 260 |
_aNew York : _bDoubleday & Company, _c1956. |
||
| 300 |
_a661 p. : _bil., retrs. ; _c23 cm. |
||
| 700 | 1 |
_aGilbert, Stuart _961121 |
|
| 999 |
_c34828 _d34828 |
||